Políticas de expansión de fronteras agropecuarias, acción gubernamental y necesidades del capital (La colonización del Chaco argentino)

Đã lưu trong:
Chi tiết về thư mục
Tác giả chính: Carrera, Nicolás Iñigo
Định dạng: Texto
Được phát hành: s.l.e :
Các nhãn: Thêm thẻ
Không có thẻ, Là người đầu tiên thẻ bản ghi này!

MARC

LEADER 00000 a a2200000 04500
001 15664
003
040
090 |a 029900  
100 |a Carrera, Nicolás Iñigo  
245 |a Políticas de expansión de fronteras agropecuarias, acción gubernamental y necesidades del capital (La colonización del Chaco argentino)  
260 |a s.l.e :  
300 |a 13 p  
999 |c 584  |d 584